Hot and Cold - Statistics

General Stats
  • This quiz has been taken 18 times
  • The average score is 10 of 16
Answer Stats
Picture Answer % Correct
Sun
100%
Lighter
92%
Iceberg
83%
Ice Cream
83%
Ice Cube
83%
Lava
83%
Ice
75%
Match
75%
Fridge
67%
Snow
67%
Torch
50%
Campfire
42%
Hot Asphalt
33%
Water
33%
Fireplace
25%
Snow Tops
17%
No matching quizzes found
Score Distribution
Percent of People with Each Score
Percentile by Number Answered
Your Score History
You have not taken this quiz